| 000 | 01362nam a2200349Ia 4500 | ||
|---|---|---|---|
| 001 | ebr10597734 | ||
| 003 | CaPaEBR | ||
| 006 | m u | ||
| 007 | cr cn||||||||| | ||
| 008 | 120507s2012 nyua sb 001 0 eng d | ||
| 010 | _z 2012018812 | ||
| 020 | _z9780801450624 (alk. paper) | ||
| 020 | _z9780801465956 | ||
| 040 |
_aCaPaEBR _cCaPaEBR |
||
| 035 | _a(OCoLC)809834617 | ||
| 050 | 1 | 4 |
_aHG2051.C6 _bO54 2012eb |
| 082 | 0 | 4 |
_a332.7/10951 _223 |
| 100 | 1 | _aOng, Lynette H. | |
| 245 | 1 | 0 |
_aProsper or perish _h[electronic resource] : _bcredit and fiscal systems in rural China / _cLynette Ong. |
| 260 |
_aIthaca : _bCornell University Press, _c2012. |
||
| 300 |
_axviii, 212 p. : _bill. |
||
| 504 | _aIncludes bibliographical references and index. | ||
| 533 |
_aElectronic reproduction. _bPalo Alto, Calif. : _cebrary, _d2011. _nAvailable via World Wide Web. _nAccess may be limited to ebrary affiliated libraries. |
||
| 650 | 0 |
_aRural credit _zChina. |
|
| 650 | 0 |
_aRural development _zChina. |
|
| 650 | 0 |
_aBanks and banking, Cooperative _zChina. |
|
| 650 | 0 |
_aLocal finance _zChina. |
|
| 650 | 0 |
_aCentral-local government relations _zChina. |
|
| 655 | 7 |
_aElectronic books. _2local |
|
| 710 | 2 | _aebrary, Inc. | |
| 856 | 4 | 0 |
_uhttp://site.ebrary.com/lib/rucke/Doc?id=10597734 _zAn electronic book accessible through the World Wide Web; click to view |
| 999 |
_c109720 _d109720 |
||